00489nam a2200193 a 4500001001300000003000900013005001700022008004100039020001000080082001400090100001600104245004300120260004000163300000900203500003500212505001000247650002200257700001600279nice12345678IN_TiNIC20260116011521.0050524s1906 newa grp 000 0 eng  ac10000a239bWHE1 aWherry, E M aMethods of Mission Work Among Moslems. aNew YorkbFleming Revelle Co.c1906 a232p aincludes index and biblioraphy2 aIndex aEvangelistic Work1 aWherry, E M